000 00195 a2200097 4500
001 48936
100 _aIQBAL
245 _aKulyaat iqbal
260 _aLahore
_bAlfaisal
_c
090 _c31830
_d31830
942 _aNUST-CAE
_cM
_c24259
999 _c284009
_d284009